000 00568nam a2200181 i 4500
001 71149
003 ES-MaACL
005 20250918063028.0
007 t|
008 040805s1961 ag ||||1| spa d
100 1 _aGaulle, Charles de,
_d1890-1970
_956005
245 1 3 _aEl filo de la espada /
_cCharles de Gaulle ; [versión española de Salvador Balcells].
260 _aBuenos aires :
_bPlaza & Janés,
_c[1961]
300 _a123 p. ;
_c19 cm.
700 1 _aBalcells, Salvador.
_924865
852 _aES-MaACL
_jC-20983
_bR.49193
999 _c71149
_d71149